Todos os campeões do Brasileirão Série B - Statistics

Estatísticas Gerais
  • Esse quiz foi jogado 62 vezes
  • A pontuação média é 31 de 44
Estatísticas das Respostas
Ano Campeão % Correto
2013 Palmeiras
100%
2003 Palmeiras
100%
2021 Botafogo
98%
2015 Botafogo
98%
2022 Cruzeiro
98%
2005 Grêmio
98%
2024 Santos
98%
2008 Corinthians
96%
2009 Vasco da Gama
96%
2002 Criciúma
93%
1990 Sport
93%
2023 Vitória
93%
2006 Atlético Mineiro
91%
2020 Chapecoense
87%
2018 Fortaleza
87%
2012 Goiás
85%
1999 Goiás
85%
1995 Athletico Paranaense
84%
2010 Coritiba
84%
2007 Coritiba
84%
2017 América Mineiro
80%
1997 América Mineiro
80%
2019 Red Bull Bragantino
75%
1989 Red Bull Bragantino
75%
1981 Guarani
73%
1983 Juventus
73%
2016 Atlético Goianiense
71%
1994 Juventude
69%
2014 Joinville
67%
2001 Paysandu
67%
1991 Paysandu
67%
2011 Portuguesa
62%
2000 Paraná Clube
60%
1992 Paraná Clube
60%
2004 Brasiliense
49%
1971 Villa Nova
44%
1998 Gama
36%
1980 Londrina
36%
1972 Sampaio Corrêa
35%
1988 Inter de Limeira
22%
1985 Tuna Luso
22%
1996 União São João
18%
1982 Campo Grande
15%
1984 Uberlândia
13%
Nenhum quiz correspondente encontrado
Distribuição das Pontuações
Porcentagem de Pessoas com Cada Pontuação
Percentil de Números Respondidos
Sua Pontuação Histórica
Você não jogou esse quiz